000 00333nam a22001337a 4500
082 _a339.0903COC.
100 _aCochrane, J.L.
245 _aMacroeconomics before keynes.
260 _aLondon.
_bScott, Foresman and Company.
_c1970.
300 _axi, 109p.
_b20cm.
500 _aIncludes index.
650 _aEconomics.
942 _cBK
999 _c13904
_d13904